000 00559nam a2200157 a 4500
008 120416s1971 ||||||||||||||||| || u
050 _aHM 263 Han
100 _aStephenson, Howard
245 1 0 _aHandbook of public relations
246 _athe standard guide to public affairs and communications
250 _a2nd ed.
260 _aNew York
_bMcGraw-Hill
_c1971
300 _axx, 836p.
350 _a0.00
995 _D0.00
_FCBU-MAIN LIBRARY (Kitwe)
_H1
_I0.00
_UAVAILABLE
_ZAnnex Low-Usage Collection
999 _c45315
_d45315